Associe villes et départements (Click facile) - Statistiques

Statistiques générales
  • Ce quiz a été pris 107 fois
  • Le résultat moyen est 13 sur 15
Statistiques - réponses
Hint Réponse % Correct
Toulouse Haute-Garonne
95%
Lille Nord
93%
Marseille Bouches-du-Rhône
91%
Strasbourg Bas-Rhin
90%
Annecy Haute-Savoie
89%
Nantes Loire-Atlantique
89%
Lyon Rhône
89%
Bordeaux Gironde
88%
Dijon Côte-d'Or
84%
Limoges Haute-Vienne
83%
Grenoble Isère
83%
Le Havre Seine-Maritime
78%
Rouen Seine-Maritime
75%
Saint-Étienne Loire
74%
Orléans Loiret
72%
Aucun quiz correspondant
Distribution des résultats
% des personnes avec chaque résultat
Percentile par nombre de réponses
Votre historique - résultats
Vous n’avez pas pris ce quiz